00000000nam 2200000zi 4500
0019.946448
003CaOODSP
00520250206073040
006m     o  d f      
007cr mn|||||||||
008241227t20252025quca    ob   f000 0 eng d
020 |a9780660751078
040 |aCaOODSP|beng|erda|cCaOODSP
043 |an-cn---
045 |ay1y2
0861 |aTU4-45/2025E-PDF
24500|aRail transportation safety issue investigation report R20H0082 : |bfactors contributing to seasonal variations in train-motor vehicle accidents at grade crossings.
24610|aFactors contributing to seasonal variations in train-motor vehicle accidents at grade crossings
250 |a[Corrected version].
264 1|aGatineau QC : |bTransportation Safety Board of Canada = Bureau de la sécurité des transports du Canada, |c2025.
264 4|c©2025
300 |a1 online resource (16 pages) : |billustrations (chiefly colour)
336 |atext|btxt|2rdacontent
337 |acomputer|bc|2rdamedia
338 |aonline resource|bcr|2rdacarrier
500 |aIssued also in French under title: Rapport d'enquête sur une question de sécurité du transport ferroviaire R20H0082 : facteurs contribuant aux variations saisonnières des accidents entre trains et véhicules automobiles aux passages à niveau.
500 |a"First released 18 September 2024"--Cover.
500 |a"Citation … (first released 18 September 2024; corrected version released 06 January 2025)"--Page 2.
504 |aIncludes bibliographical references.
650 0|aRailroad accidents|xInvestigation|zCanada.
650 0|aTraffic accident investigation|zCanada.
650 0|aRailroad crossings|xAccidents|xInvestigation|zCanada.
650 0|aAutomobile driving in winter|zCanada.
7102 |aTransportation Safety Board of Canada, |eissuing body.
77508|tRapport d'enquête sur une question de sécurité du transport ferroviaire R20H0082 : |w(CaOODSP)9.946447
795 |tRail transportation safety issue investigation report R20H0082 : |b(2024)|w(CaOODSP)9.942959
85640|qPDF|s717 KB|uhttps://publications.gc.ca/collections/collection_2025/bst-tsb/TU4-45-2025-eng.pdf
8564 |qHTML|sN/A|uhttps://www.tsb.gc.ca/eng/rapports-reports/rail/etudes-studies/r20h0082/r20h0082.html